01024nam a2200181 a 4500008004100000050001300041110001500054245002200069260004000091300001300131350000900144650002400153995016200177995016200339995016200501995016200663999001700825081014s2007 ||||||||||||||||| || u aIBRD(05) aWorld Bank10aBeyond Transition aWashington, D. C.bWorld Bankc2007 a32p. ill a0.00 aREFORMING ECONOMIES aSPECIAL COLLECTIONSD0.00eIBRD(05)BT/07FCBU-MAIN LIBRARY (Kitwe)H1I0.00jIBRD(05)BT/07M1UAVAILABLEWOct 14, 2008yZ03003031ZInternational Publications aSPECIAL COLLECTIONSD0.00e03006212FCBU-MAIN LIBRARY (Kitwe)H1I0.00jIBRD(05)BT/2007/2AM1UAVAILABLEWApr 27, 2010yZ03006212ZInternational Publications aSPECIAL COLLECTIONSD0.00eIBRD(05)BT/07FCBU-MAIN LIBRARY (Kitwe)H1I0.00jIBRD(05)BT/07M2UAVAILABLEWOct 14, 2008yZ03003032ZInternational Publications aSPECIAL COLLECTIONSD0.00e03006215FCBU-MAIN LIBRARY (Kitwe)H1I0.00jIBRD(05)BT/2007/2BM2UAVAILABLEWApr 27, 2010yZ03006215ZInternational Publications c84625d84625